[Event "Ä17Â"]
[Site "Loo"]
[Date "2017.04.24"]
[Round "5.3"]
[White "Øàôèãóëëèíà, Çàðèíà."]
[Black "Êîçèíà, Àíàñòàñèÿ."]
[Result "1-0"]
[WhiteElo "1997"]
[BlackElo "2117"]
[PlyCount "79"]
[EventDate "2017.04.20"]

1. d4 Nf6 2. Nf3 e6 3. g3 d5 4. Bg2 b5 5. O-O Bb7 6. Ne5 c5 7. a4 b4 8. c4 bxc3
9. Nxc3 Nbd7 10. Bf4 cxd4 11. Nb5 a6 12. Nxd7 axb5 13. Nxf8 Kxf8 14. Qxd4 Ne8
15. axb5 f6 16. Qb4+ Kf7 17. Rxa8 Qxa8 18. Rc1 Qd8 19. b6 Rf8 20. Bc7 Qc8 21.
Rc3 Qa8 22. Qa3 g6 23. Qxa8 Bxa8 24. Bb8 Ke7 25. Ra3 Bc6 26. Ra7+ Kd8 27. Rxh7
Kc8 28. Bf4 g5 29. Bd2 Kb8 30. h4 gxh4 31. gxh4 Rg8 32. f3 Nd6 33. Bb4 Nc4 34.
Bc5 Bb7 35. h5 d4 36. Bxd4 e5 37. Bc5 e4 38. f4 Nxb2 39. Bd6+ Kc8 40. Rc7+ 1-0

[Event "Ä17Â"]
[Site "Loo"]
[Date "2017.04.24"]
[Round "5.4"]
[White "Çîòîâà, Àíàñòàñèÿ."]
[Black "Âîðîáüåâà, Âàëåðèÿ."]
[Result "0-1"]
[WhiteElo "2067"]
[BlackElo "1898"]
[PlyCount "66"]
[EventDate "2017.04.20"]

1. e4 c5 2. Nf3 Nc6 3. d4 cxd4 4. Nxd4 Nf6 5. Nc3 d6 6. Bg5 e6 7. Qd2 a6 8.
O-O-O h6 9. Nxc6 bxc6 10. Bf4 d5 11. Qe3 Bb4 12. e5 Nh5 13. Ne2 Nxf4 14. Nxf4
Qa5 15. a3 Be7 16. h4 Rb8 17. Nh5 Rg8 18. f4 Bc5 19. Qg3 Qb6 20. b4 Be3+ 21.
Kb2 a5 22. c3 d4 23. b5 cxb5 24. Nf6+ Kf8 25. Nxg8 b4 26. axb4 dxc3+ 27. Kc2
Kxg8 28. b5 Bb7 29. Bd3 Qc5 30. Ra1 Rd8 31. Rhd1 Bd2 32. Rdb1 Qd4 33. Rd1 Be4
0-1

[Event "Ä17Â"]
[Site "Loo"]
[Date "2017.04.24"]
[Round "5.5"]
[White "Ãîëîâêèíà, Àíàñòàñèÿ."]
[Black "Íàçàðîâà, Àíàñòàñèÿ."]
[Result "1/2-1/2"]
[WhiteElo "2061"]
[BlackElo "1964"]
[PlyCount "81"]
[EventDate "2017.04.20"]

1. e4 c5 2. Nf3 d6 3. Bb5+ Bd7 4. Bxd7+ Qxd7 5. O-O Nc6 6. c3 Nf6 7. Re1 e6 8.
d4 cxd4 9. cxd4 d5 10. e5 Ne4 11. Nbd2 Nxd2 12. Bxd2 Be7 13. a3 O-O 14. Rc1
Rac8 15. b4 a6 16. Qb3 Rc7 17. Rc2 Rfc8 18. Rec1 Na7 19. Rxc7 Rxc7 20. Rxc7
Qxc7 21. Qc3 Qxc3 22. Bxc3 b6 23. Nd2 a5 24. bxa5 bxa5 25. a4 Nc6 26. Nb3 Bd8
27. f4 Bb6 28. Kf2 f5 29. Kf3 Kf7 30. g4 g6 31. Kg3 Bd8 32. Nc5 Bb6 33. Nb3 Kg7
34. Kf3 Bd8 35. Ke3 Bb6 36. Nd2 Bd8 37. Nf3 Be7 38. Ne1 Bd8 39. Nd3 Bb6 40.
gxf5 gxf5 41. Nf2 1/2-1/2

[Event "Ä17Â"]
[Site "Loo"]
[Date "2017.04.24"]
[Round "5.6"]
[White "Àêñåíîâà, Ìàðèÿ."]
[Black "Àôîíàñüåâà, Àííà."]
[Result "1-0"]
[WhiteElo "1923"]
[BlackElo "2213"]
[PlyCount "127"]
[EventDate "2017.04.20"]

1. d4 Nf6 2. c4 g6 3. Nc3 d5 4. cxd5 Nxd5 5. Bd2 Bg7 6. e4 Nb6 7. Be3 O-O 8.
Be2 Nc6 9. Nf3 Bg4 10. d5 Bxf3 11. Bxf3 Ne5 12. Be2 Nec4 13. Bxc4 Nxc4 14. Qe2
Nxe3 15. Qxe3 f5 16. O-O Qd6 17. Nb5 Qd7 18. Nc3 Rae8 19. Rad1 fxe4 20. Nxe4
Rf5 21. Qb3 Kh8 22. Qxb7 Be5 23. b3 Rf4 24. Ng3 Qg4 25. Qb5 Rd8 26. Qe2 Qxe2
27. Nxe2 Rf6 28. f4 Bd6 29. Rf3 Bc5+ 30. Kf1 Rfd6 31. Rfd3 c6 32. Nc3 Bb4 33.
Ke2 Bxc3 34. Rxc3 cxd5 35. Rc7 R8d7 36. Rxd7 Rxd7 37. Rc1 Kg7 38. Rc6 Kf7 39.
Kd3 e6 40. b4 Rb7 41. a3 Ke7 42. Kd4 Kf6 43. g4 h5 44. h3 hxg4 45. hxg4 Rh7 46.
Rc8 Rh4 47. g5+ Ke7 48. Ke5 d4 49. Rc7+ Kd8 50. Rxa7 d3 51. Kxe6 Rxf4 52. Rd7+
Kc8 53. Rxd3 Rf5 54. Rd5 Rf3 55. a4 Kc7 56. Rc5+ Kb6 57. a5+ Ka6 58. Rc6+ Ka7
59. Ke7 Rf5 60. Rxg6 Rb5 61. Kf7 Rxb4 62. Re6 Rb5 63. g6 Rxa5 64. g7 1-0

[Event "Ä17Â"]
[Site "Loo"]
[Date "2017.04.24"]
[Round "5.7"]
[White "Çèííàòóëëèíà, Àäåëÿ."]
[Black "Ýðäûíèåâà, Îþíà."]
[Result "1-0"]
[WhiteElo "1778"]
[BlackElo "2183"]
[PlyCount "101"]
[EventDate "2017.04.20"]

1. d4 d5 2. Nf3 Nf6 3. c4 c6 4. Qc2 dxc4 5. Qxc4 Bg4 6. g3 Bxf3 7. exf3 Qd5 8.
Qxd5 Nxd5 9. Nc3 Nb4 10. Kd1 a5 11. a3 N4a6 12. Bf4 Nd7 13. Be2 g6 14. Ke1 Bg7
15. Rd1 O-O 16. Kf1 Rfe8 17. Kg2 e5 18. dxe5 Nxe5 19. Rhe1 b5 20. Nxb5 cxb5 21.
Bxb5 Nc7 22. Bxe8 Rxe8 23. b3 Kf8 24. Rc1 Na6 25. Bxe5 Bxe5 26. Rc6 Nb8 27. Rc5
Bd6 28. Rxe8+ Kxe8 29. Rxa5 Kd7 30. f4 Nc6 31. Ra6 Nd4 32. b4 h5 33. h4 Nc2 34.
Kf3 Bxb4 35. axb4 Nxb4 36. Ra7+ Ke6 37. Ke4 f5+ 38. Kf3 Nd5 39. Ra6+ Kf7 40.
Ke2 Nc3+ 41. Kd3 Ne4 42. Ke3 Nc5 43. Rc6 Ne6 44. Kd3 Ke7 45. Kc4 Kd7 46. Ra6
Ke7 47. Rb6 Kf7 48. Kd5 Nf8 49. Ra6 Ke7 50. Ra7+ Kf6 51. Rb7 1-0

[Event "Ä17Â"]
[Site "Loo"]
[Date "2017.04.24"]
[Round "5.8"]
[White "Ñåðäèòûõ, Îëåñÿ."]
[Black "ßíó÷åíêî, Ïîëèíà."]
[Result "0-1"]
[WhiteElo "1915"]
[BlackElo "2060"]
[PlyCount "154"]
[EventDate "2017.04.20"]

1. d4 d5 2. Nf3 c6 3. c4 e6 4. e3 Nf6 5. b3 Nbd7 6. Bb2 b6 7. Bd3 Bb7 8. Nbd2
Bd6 9. O-O O-O 10. Ne5 c5 11. cxd5 exd5 12. f4 cxd4 13. exd4 Ne4 14. Qe2 Ndf6
15. f5 Nxd2 16. Qxd2 Ne4 17. Bxe4 dxe4 18. Qe2 Be7 19. Rad1 f6 20. Ng4 a5 21.
Rf2 Re8 22. Ne3 Ba6 23. Qh5 Bd6 24. g4 Rc8 25. g5 fxg5 26. f6 gxf6 27. Ng4 Bf4
28. d5 Rf8 29. Qh6 e3 30. Rxf4 gxf4 31. Nxf6+ Rxf6 32. Bxf6 Qf8 33. Qg5+ Kf7
34. Qxf4 e2 35. Re1 Qg8+ 36. Bg5+ Kg6 37. Qf6+ Kh5 38. Qh6+ Kg4 39. Qh4+ Kf5
40. Qf4+ Kg6 41. Qf6+ Kh5 42. Qh6+ Kg4 43. Qh4+ Kf5 44. Qf4+ Kg6 45. Qf6+ Kh5
46. Qh6+ Kg4 47. Qh4+ Kf5 48. Qf4+ Kg6 49. Qf6+ Kh5 50. Qh6+ Kg4 51. h3+ Kf5
52. Qf6+ Ke4 53. d6 Rf8 54. Qe7+ Kf5 55. h4 h6 56. Qd7+ Qe6 57. Qxe6+ Kxe6 58.
Bd2 Rf1+ 59. Kg2 Kxd6 60. a4 Kc5 61. Bc3 Kd5 62. b4 Kc4 63. Rxe2 Kxc3 64. b5
Bxb5 65. axb5 Rf6 66. h5 a4 67. Re3+ Kb4 68. Rg3 a3 69. Rg6 Rf5 70. Rxb6 Rxb5
71. Ra6 Ra5 72. Rb6+ Ka4 73. Rf6 a2 74. Rf4+ Kb3 75. Rf3+ Kc4 76. Rf4+ Kd3 77.
Rf3+ Ke4 0-1

[Event "Ä17Â"]
[Site "Loo"]
[Date "2017.04.24"]
[Round "5.9"]
[White "Ãðèãîðüåâà, Þëèÿ."]
[Black "Ñàêîðåíêî, Àäðèàíà."]
[Result "0-1"]
[WhiteElo "1922"]
[BlackElo "2007"]
[PlyCount "166"]
[EventDate "2017.04.20"]

1. d4 f5 2. c4 Nf6 3. g3 g6 4. Bg2 Bg7 5. Nf3 O-O 6. O-O d6 7. Nc3 Nc6 8. Bf4
Nh5 9. d5 Na5 10. Qd3 c5 11. Rad1 a6 12. b3 Bd7 13. Ng5 Rb8 14. Ne6 Bxe6 15.
dxe6 Nc6 16. Bd5 Kh8 17. Na4 Nb4 18. Qd2 Nxf4 19. gxf4 b5 20. Nc3 bxc4 21. Bxc4
Qc8 22. Nd5 Nc6 23. Nxe7 Nxe7 24. Qxd6 Bf6 25. Bxa6 Qc6 26. Qxc6 Nxc6 27. Bc4
Rfd8 28. Rd7 Rxd7 29. exd7 Rd8 30. Rd1 Kg7 31. e3 Nb8 32. Bb5 Kf7 33. Rd5 Ke7
34. Rxc5 Nxd7 35. Rc2 Kd6 36. b4 Nb8 37. a4 Be7 38. Rc4 Kd5 39. a5 Rd6 40. Rc5+
Ke6 41. Rc8 Na6 42. Bc4+ Kd7 43. Bxa6 Rxa6 44. Rc4 Ra7 45. Kg2 Bd6 46. Rd4 Kc6
47. b5+ Kc5 48. b6 Rxa5 49. Kg3 Rb5 50. Kg2 Rxb6 51. Ra4 Rb7 52. Kf3 Kd5 53.
Rd4+ Ke6 54. Ra4 h6 55. h3 Rb1 56. Kg2 Rb2 57. Kf1 Kf6 58. Ra6 Ke6 59. Ra5 Be7
60. Ra6+ Kf7 61. Ra7 Rd2 62. Kg2 h5 63. Kf1 Ke6 64. Ra6+ Bd6 65. Kg2 Kf7 66.
Kf1 Bb8 67. Rb6 Bc7 68. Ra6 Kg7 69. Rc6 Bd8 70. Ke1 Ra2 71. Kf1 Bh4 72. Re6
Rxf2+ 73. Kg1 Re2 74. Kf1 Rh2 75. e4 fxe4 76. Rxe4 Rxh3 77. Kg2 Rg3+ 78. Kh2
Rg4 79. Kh3 Bg5 80. Rb4 Rxf4 81. Rb7+ Kh6 82. Ra7 h4 83. Ra3 Kh5 0-1

[Event "Ä17Â"]
[Site "Loo"]
[Date "2017.04.24"]
[Round "5.10"]
[White "×åìáîðèñîâà, Ýëèíà."]
[Black "Ôèëèïïîâà, Äàðüÿ."]
[Result "0-1"]
[WhiteElo "1840"]
[BlackElo "1996"]
[PlyCount "96"]
[EventDate "2017.04.20"]

1. e4 c6 2. Nc3 d5 3. Qf3 e6 4. d4 dxe4 5. Qxe4 Nf6 6. Qd3 b6 7. Be2 Bb7 8. Nf3
Qc7 9. Bg5 Nbd7 10. O-O Bd6 11. Rfe1 O-O 12. h3 h6 13. Bxf6 Nxf6 14. Bf1 Rfd8
15. Rad1 a6 16. Qe2 c5 17. dxc5 Bxc5 18. Na4 Bd6 19. c4 Bc6 20. Nc3 Bb4 21. Qe3
Bc5 22. Qe5 Qxe5 23. Nxe5 Bb7 24. Nd3 Bd6 25. Na4 Bc7 26. c5 b5 27. Nc3 Rd4 28.
Ne2 Rd7 29. b4 Rad8 30. Nb2 Be5 31. Rxd7 Rxd7 32. Nd1 Nd5 33. Ne3 Nxb4 34. Rc1
Bc6 35. Nc3 Nd5 36. Ncxd5 exd5 37. g3 d4 38. Nc2 a5 39. Bd3 b4 40. Re1 Rd5 41.
f4 Bf6 42. Rb1 Rxc5 43. Kf2 g6 44. Ke2 Bd5 45. Rb2 Bc4 46. Rb1 Bxa2 47. Ra1
Rxc2+ 48. Bxc2 d3+ 0-1

[Event "Ä17Â"]
[Site "Loo"]
[Date "2017.04.24"]
[Round "5.11"]
[White "Çàõàðîâà, Òàòüÿíà."]
[Black "Ñêîìîðîõèíà, Åêàòåðèíà."]
[Result "0-1"]
[WhiteElo "1811"]
[BlackElo "1917"]
[PlyCount "76"]
[EventDate "2017.04.20"]

1. e4 c5 2. Nf3 d6 3. d4 cxd4 4. Qxd4 Nc6 5. Bb5 Bd7 6. Bxc6 Bxc6 7. Nc3 Nf6 8.
Bg5 e6 9. O-O-O Be7 10. Qd3 O-O 11. Nd4 Qc7 12. f4 Rfc8 13. h4 a6 14. g4 b5 15.
a3 Rab8 16. Bxf6 Bxf6 17. g5 Be7 18. Rdg1 b4 19. axb4 Rxb4 20. h5 Bd7 21. f5
Qc4 22. Qxc4 Rbxc4 23. fxe6 fxe6 24. Nf3 R4c5 25. Rh2 Rf8 26. Rg3 d5 27. e5 Rc4
28. Nd2 Rcf4 29. g6 h6 30. Rg1 Rf2 31. Rh3 Bg5 32. Rxg5 hxg5 33. h6 Be8 34.
hxg7 Kxg7 35. Rh7+ Kxg6 36. Ra7 g4 37. Rxa6 g3 38. Nxd5 g2 0-1

[Event "Ä17Â"]
[Site "Loo"]
[Date "2017.04.24"]
[Round "5.12"]
[White "Ïåð÷, Ñîôüÿ."]
[Black "Êîðîë¸âà, Åâãåíèÿ."]
[Result "1/2-1/2"]
[WhiteElo "1802"]
[BlackElo "1909"]
[PlyCount "119"]
[EventDate "2017.04.20"]

1. d4 d5 2. c4 dxc4 3. e3 Nf6 4. Bxc4 e6 5. Nf3 a6 6. a4 c5 7. O-O Nbd7 8. Nc3
Qc7 9. Qe2 Bd6 10. a5 O-O 11. Bd2 cxd4 12. exd4 e5 13. Nd5 Nxd5 14. Bxd5 exd4
15. Qe4 Nf6 16. Qxd4 Bc5 17. Qc4 Qd6 18. Be4 Be6 19. Qd3 Qxd3 20. Bxd3 Rfd8 21.
Be2 Ne4 22. Bf4 Rac8 23. Ng5 Nxg5 24. Bxg5 f6 25. Bf4 Bd4 26. Bf3 Rd7 27. Ra4
g5 28. Bg3 f5 29. h3 f4 30. Bh2 Bxb2 31. Rb4 Rc2 32. Kh1 Bc3 33. Rxb7 Bxa5 34.
Rxd7 Bxd7 35. Be4 Rc5 36. f3 Bb5 37. Rd1 Be2 38. Rb1 Rb5 39. Rc1 Bb6 40. Bg1
Bxg1 41. Kxg1 Re5 42. Re1 Rc5 43. Rxe2 a5 44. Ra2 Kg7 45. Kf2 h5 46. Rd2 Rb5
47. Ke2 Kf6 48. Ra2 Ke5 49. Kd3 Rc5 50. Ba8 Rb5 51. Kc4 Rb4+ 52. Kc5 Rb1 53.
Be4 Rc1+ 54. Kb6 g4 55. Rxa5+ Kd4 56. Rxh5 g3 57. Rb5 Ke3 58. Rb3+ Kf2 59. Rb2+
Ke3 60. Rb3+ 1/2-1/2

[Event "Ä17Â"]
[Site "Loo"]
[Date "2017.04.24"]
[Round "5.13"]
[White "Òðîÿíîê, Òàòüÿíà."]
[Black "Ïèâèíà, Ìàðèÿ."]
[Result "1/2-1/2"]
[WhiteElo "1902"]
[BlackElo "1827"]
[PlyCount "85"]
[EventDate "2017.04.20"]

1. e4 d5 2. exd5 Qxd5 3. Nc3 Qd6 4. d4 Nf6 5. h3 a6 6. g3 Nc6 7. d5 Nb4 8. Bf4
Qc5 9. a3 Nbxd5 10. Nxd5 Nxd5 11. Bd2 Bf5 12. Rc1 O-O-O 13. Bg2 e6 14. Nf3 Nf6
15. Qe2 Ne4 16. Bb4 Qb6 17. c3 c5 18. Ne5 cxb4 19. cxb4+ Kb8 20. Bxe4 Bxb4+ 21.
Kf1 Rd2 22. Bxf5 exf5 23. Qf3 Bc5 24. Nc4 Rxf2+ 25. Qxf2 Bxf2 26. Nxb6 Bxb6 27.
Kg2 Bd4 28. Rc2 Re8 29. Rf1 g6 30. g4 fxg4 31. Rxf7 gxh3+ 32. Kxh3 Re3+ 33. Kg4
h6 34. Rc4 h5+ 35. Kh4 Re4+ 36. Kh3 Re3+ 37. Kh4 Re4+ 38. Kh3 g5 39. Rb4 b6 40.
Rc4 g4+ 41. Kg2 Re2+ 42. Kf1 Re4 43. Rf8+ 1/2-1/2

[Event "Ä17Â"]
[Site "Loo"]
[Date "2017.04.24"]
[Round "5.14"]
[White "Áóäíèêîâà, Âàðâàðà."]
[Black "Ïîëçóíîâà, Àíàñòàñèÿ."]
[Result "1-0"]
[WhiteElo "1900"]
[BlackElo "1814"]
[PlyCount "53"]
[EventDate "2017.04.20"]

1. e4 c5 2. Nf3 g6 3. c3 Bg7 4. d4 cxd4 5. cxd4 d5 6. e5 Nh6 7. h3 Bf5 8. Nc3
Nc6 9. Be3 O-O 10. Qd2 Nb4 11. Rc1 Nc2+ 12. Rxc2 Bxc2 13. Qxc2 Nf5 14. Bf4 Qd7
15. g4 Nh6 16. Qd2 g5 17. Bxg5 Qe6 18. Be2 Kh8 19. Be3 Ng8 20. Ng5 Qc6 21. Qc2
f5 22. gxf5 h6 23. f6 hxg5 24. fxg7+ Kxg7 25. Rg1 Rf7 26. Rxg5+ Kf8 27. Bh5 1-0

[Event "Ä17Â"]
[Site "Loo"]
[Date "2017.04.24"]
[Round "5.15"]
[White "Ôîêèíà, Ýëèíà."]
[Black "Êèðàêîñÿí, Êàìèëà."]
[Result "1/2-1/2"]
[WhiteElo "1878"]
[BlackElo "1803"]
[PlyCount "95"]
[EventDate "2017.04.20"]

1. e4 c5 2. d4 cxd4 3. c3 d3 4. Bxd3 Nc6 5. f4 d6 6. Nf3 Nf6 7. O-O g6 8. b3
Bg7 9. Bb2 Bd7 10. Qe2 O-O 11. c4 Nb4 12. Nc3 Nxd3 13. Qxd3 Ng4 14. Qe2 a5 15.
Nd5 Bc6 16. Bxg7 Kxg7 17. h3 Bxd5 18. exd5 Nf6 19. Rfe1 Re8 20. Qb2 Kg8 21. g4
b5 22. Nd4 Qb6 23. Qf2 bxc4 24. bxc4 Qc7 25. Nc6 e6 26. Qd4 Nd7 27. Rab1 Nc5
28. Re3 Qd7 29. Rbe1 Ra6 30. f5 e5 31. Nxe5 Rxe5 32. Rxe5 dxe5 33. Qxc5 gxf5
34. Rxe5 fxg4 35. Rg5+ Rg6 36. d6 gxh3 37. Qd5 Kf8 38. Rxg6 hxg6 39. c5 Qg4+
40. Kh2 Qf4+ 41. Kxh3 Qf1+ 42. Kg4 Qg1+ 43. Kf4 Qf2+ 44. Kg4 Qg1+ 45. Kf4 Qf2+
46. Ke4 Qg2+ 47. Ke5 Qg5+ 48. Ke4 1/2-1/2

[Event "Ä17Â"]
[Site "Loo"]
[Date "2017.04.24"]
[Round "5.16"]
[White "Ïàíêîâà, Þëèÿ."]
[Black "Õàí, Àíàñòàñèÿ."]
[Result "1-0"]
[WhiteElo "1786"]
[BlackElo "1868"]
[PlyCount "63"]
[EventDate "2017.04.20"]

1. e4 c6 2. d4 d5 3. exd5 cxd5 4. Bd3 Nc6 5. c3 g6 6. Bf4 Bg7 7. h3 Nf6 8. Nf3
O-O 9. O-O Bf5 10. Bxf5 gxf5 11. Ne5 e6 12. Nd2 Rc8 13. Qe2 Ne4 14. Nxe4 dxe4
15. Nxc6 Rxc6 16. f3 Qd5 17. Rae1 Rb6 18. a3 Rc8 19. Bc1 exf3 20. Rxf3 Kh8 21.
Rg3 Qd6 22. Rd3 Rd8 23. Qh5 Qc7 24. Kh1 f4 25. Qf3 e5 26. dxe5 Rxd3 27. Qxd3
Bxe5 28. Qf5 f6 29. Qg4 Qf7 30. Rd1 Qc7 31. Rd7 f5 32. Qxf5 1-0

[Event "Ä17Â"]
[Site "Loo"]
[Date "2017.04.24"]
[Round "5.17"]
[White "Ãûðãåíîâà, Åêàòåðèíà."]
[Black "Êâà÷êî, Àíàñòàñèÿ."]
[Result "1-0"]
[WhiteElo "1849"]
[BlackElo "1772"]
[PlyCount "77"]
[EventDate "2017.04.20"]

1. d4 d5 2. c4 e6 3. Nc3 Nf6 4. cxd5 exd5 5. Bg5 Be7 6. e3 O-O 7. Bd3 c6 8. Qc2
h6 9. Bh4 Re8 10. Nge2 Ne4 11. Bxe7 Qxe7 12. Ng3 f5 13. O-O-O b5 14. Kb1 Na6
15. Ngxe4 dxe4 16. Be2 Nb4 17. Qd2 Be6 18. h3 Qf7 19. a3 Nd5 20. Rhg1 Rf8 21.
Rdf1 a5 22. Nxd5 Bxd5 23. g4 f4 24. g5 fxe3 25. fxe3 Qg6 26. h4 Rxf1+ 27. Bxf1
a4 28. Be2 Bf7 29. Qb4 Qe6 30. gxh6 Qxh6 31. Qc3 Rf8 32. h5 Bd5 33. Rg6 Qh7 34.
Qc5 Rf1+ 35. Bxf1 Qxh5 36. Rxc6 Qd1+ 37. Qc1 Qb3 38. Rc8+ Kh7 39. Be2 1-0

[Event "Ä17Â"]
[Site "Loo"]
[Date "2017.04.24"]
[Round "5.18"]
[White "Ñóâåðí¸âà, Àë¸íà."]
[Black "Ãàðìàø, Àëåíà."]
[Result "0-1"]
[WhiteElo "1768"]
[BlackElo "1844"]
[PlyCount "66"]
[EventDate "2017.04.20"]

1. d4 d5 2. c4 c6 3. Nf3 Nf6 4. Bf4 dxc4 5. e3 b5 6. a4 Qa5+ 7. Nbd2 Qb6 8. Rc1
a6 9. Ne5 e6 10. b3 Ba3 11. Rc2 cxb3 12. Nxb3 Bb4+ 13. Nd2 Ne4 14. Qh5 g6 15.
Nec4 bxc4 16. Qe5 Bxd2+ 17. Rxd2 Qb1+ 18. Rd1 Qb4+ 19. Ke2 Nc3+ 20. Kf3 Rg8 21.
Rc1 Nd5 22. Rxc4 Qe7 23. Be2 Nd7 24. Qe4 N7f6 25. Qc2 g5 26. g3 gxf4 27. exf4
Bb7 28. Rb1 c5 29. Qb3 Nb6+ 30. Ke3 Nxc4+ 31. Bxc4 Bd5 32. Qb6 Kf8 33. Bxa6 Kg7
0-1

[Event "Ä17Â"]
[Site "Loo"]
[Date "2017.04.24"]
[Round "5.19"]
[White "Áó÷åëüíèêîâà, Êñåíèÿ."]
[Black "Ñòðîãàíîâà, Êàðèíà."]
[Result "0-1"]
[WhiteElo "1776"]
[BlackElo "1790"]
[PlyCount "86"]
[EventDate "2017.04.20"]

1. e4 g6 2. d4 Bg7 3. Nc3 d6 4. Be3 a6 5. f3 Nd7 6. Qd2 b5 7. O-O-O Bb7 8. g4
Nb6 9. b3 e6 10. h4 h5 11. g5 Ne7 12. Nge2 b4 13. Nb1 a5 14. Ng3 Qd7 15. Bd3
Nc6 16. Bb5 Ba6 17. Qe2 Bxb5 18. Qxb5 Rb8 19. Qe2 a4 20. d5 Na7 21. dxe6 Qxe6
22. Qa6 Ra8 23. Bxb6 cxb6 24. Qxb6 O-O 25. Qxb4 Qe5 26. Ne2 Qb2+ 27. Kd2 Rfc8
28. Rc1 Nc6 29. Qb5 Be5 30. bxa4 Nb4 31. f4 Rab8 32. Qa5 Nxc2 33. fxe5 Nd4+ 34.
Ke3 Qxe2+ 35. Kxd4 dxe5+ 36. Kxe5 Re8+ 37. Kd6 Qd3+ 38. Qd5 Rbd8+ 39. Kc6 Qa6+
40. Kc7 Rxd5 41. exd5 Re7+ 42. Kd8 Qd6+ 43. Kc8 Qd7+ 0-1

[Event "Ä17Â"]
[Site "Loo"]
[Date "2017.04.24"]
[Round "5.20"]
[White "Êîáçåâà, Òàòüÿíà."]
[Black "Èâàí÷åíêî, Àëåêñàíäðà."]
[Result "0-1"]
[WhiteElo "1753"]
[BlackElo "1684"]
[PlyCount "42"]
[EventDate "2017.04.20"]

1. Nf3 Nf6 2. g3 d5 3. Bg2 c6 4. O-O Nbd7 5. d3 e5 6. Nbd2 Be7 7. e4 O-O 8. Nh4
dxe4 9. Nxe4 Nxe4 10. Bxe4 Bxh4 11. Qh5 f5 12. Bxf5 Nf6 13. Qf3 Nd5 14. Bxh7+
Kxh7 15. Qh5+ Kg8 16. gxh4 Qf6 17. Qg5 Qxg5+ 18. hxg5 Bh3 19. Re1 Rae8 20. Bd2
Bf5 21. f3 Bh3 0-1

[Event "Ä17Â"]
[Site "Loo"]
[Date "2017.04.24"]
[Round "5.21"]
[White "Øàõìàòîâà, Êñåíèÿ."]
[Black "Ìóðàâüåâà, Êñåíèÿ."]
[Result "1-0"]
[WhiteElo "1903"]
[BlackElo "1369"]
[PlyCount "85"]
[EventDate "2017.04.20"]

1. e4 c6 2. d4 d5 3. Nc3 dxe4 4. Nxe4 Nf6 5. Nxf6+ gxf6 6. Nf3 Bf5 7. Bd3 Bxd3
8. Qxd3 e6 9. Bf4 Bd6 10. Bxd6 Qxd6 11. Nd2 Nd7 12. Ne4 Qd5 13. c4 Qa5+ 14. Qd2
Qxd2+ 15. Kxd2 Ke7 16. Rhe1 Rad8 17. Kc3 Rhg8 18. g3 f5 19. Nd2 Nf6 20. f3 b5
21. b3 a6 22. Nf1 h5 23. Ne3 Kd6 24. Ng2 bxc4 25. bxc4 Rd7 26. Rab1 Kc7 27. Re2
Rb8 28. Rxb8 Kxb8 29. Rb2+ Rb7 30. Rxb7+ Kxb7 31. Nf4 Kb6 32. Nd3 a5 33. Ne5 c5
34. Nxf7 cxd4+ 35. Kxd4 Nd7 36. f4 a4 37. Nd8 Nc5 38. Ke5 Nd3+ 39. Kd6 a3 40.
Nxe6 Nc1 41. c5+ Ka5 42. c6 Nxa2 43. c7 1-0

[Event "Ä17Â"]
[Site "Loo"]
[Date "2017.04.24"]
[Round "5.23"]
[White "Òàíäåëîâà, Èðèíà."]
[Black "Åìåëüÿíîâà, Âèêòîðèÿ."]
[Result "0-1"]
[WhiteElo "1271"]
[BlackElo "1713"]
[PlyCount "52"]
[EventDate "2017.04.20"]

1. e4 c6 2. d3 d5 3. Nd2 dxe4 4. Nxe4 Bf5 5. Qe2 e6 6. g3 Nd7 7. Bg2 Ngf6 8.
Bd2 Be7 9. f4 Qb6 10. Rb1 O-O 11. Qe3 Qxe3+ 12. Bxe3 Nd5 13. Bd4 Nb4 14. Kd2
Rfd8 15. a3 Nd5 16. Ne2 N7f6 17. Bc5 Nxe4+ 18. dxe4 Nxf4+ 19. Bd4 Nxe2 20. Kxe2
Bg4+ 21. Kf2 Rxd4 22. Ke3 Rad8 23. h3 Bg5+ 24. Kf2 Rd2+ 25. Kg1 Be3+ 26. Kh2
Bf3 0-1

[Event "Ä17Â"]
[Site "Loo"]
[Date "2017.04.24"]
[Round "5.25"]
[White "Åãîðîâà, Âàëåíòèíà."]
[Black "Ïîïîâà, Äàðüÿ."]
[Result "1/2-1/2"]
[WhiteElo "1642"]
[BlackElo "1504"]
[PlyCount "120"]
[EventDate "2017.04.20"]

1. d4 d5 2. c4 e6 3. Nc3 Nf6 4. Nf3 c6 5. Bf4 Bd6 6. Bxd6 Qxd6 7. e3 Nbd7 8.
Bd3 O-O 9. cxd5 exd5 10. O-O Re8 11. Qc2 h6 12. h3 Qe7 13. Rac1 Ne4 14. Nd2
Ndf6 15. Ncxe4 Nxe4 16. Nxe4 dxe4 17. Bc4 Qg5 18. Kh2 Be6 19. Qb3 b6 20. Bxe6
Rxe6 21. Qc2 Rc8 22. Rfd1 Qd5 23. Qc4 Qd6+ 24. Kg1 Re7 25. Rd2 Kh7 26. Qe2 f5
27. Rdc2 Rec7 28. a3 c5 29. dxc5 Rxc5 30. Rxc5 Rxc5 31. Rxc5 Qxc5 32. Qd2 Qb5
33. g3 a5 34. Kg2 Qe5 35. b4 Kg6 36. Qc2 axb4 37. axb4 Qb5 38. Qb3 Qc6 39. b5
Qd6 40. Qc4 Kf6 41. Qc3+ Kf7 42. h4 Qd7 43. Qc4+ Qe6 44. Qc7+ Kf6 45. Qd8+ Kf7
46. Qd4 g6 47. Kh2 h5 48. Kg1 Ke7 49. Kf1 Qb3 50. Qg7+ Qf7 51. Qc3 Qd5 52. Qc7+
Qd7 53. Qe5+ Qe6 54. Qb2 Qc4+ 55. Ke1 Kd6 56. Qg7 Qc1+ 57. Ke2 Qc4+ 58. Kd2
Qd3+ 59. Ke1 Qb1+ 60. Ke2 Qxb5+ 1/2-1/2

[Event "Ä15Â"]
[Site "Loo"]
[Date "2017.04.24"]
[Round "5.1"]
[White "Áóëàòîâà, Êàìàëèÿ."]
[Black "Ìèðîøíèê, Åêàòåðèíà."]
[Result "0-1"]
[WhiteElo "1957"]
[BlackElo "2116"]
[PlyCount "130"]
[EventDate "2017.04.20"]

1. d4 d5 2. c4 e6 3. Nc3 a6 4. cxd5 exd5 5. g3 c6 6. Bg2 Nf6 7. Nf3 Bd6 8. Qc2
O-O 9. O-O Re8 10. Nh4 Nbd7 11. a3 Bf8 12. Nf5 Nb6 13. Rd1 Nc4 14. b3 Bxf5 15.
Qxf5 Nd6 16. Qc2 Nb5 17. e3 Nxc3 18. Qxc3 Ne4 19. Qd3 h5 20. f3 Nd6 21. e4 dxe4
22. fxe4 h4 23. g4 Nb5 24. Ra2 Nxd4 25. Qc4 b5 26. Qf1 c5 27. Kh1 Ra7 28. Rad2
Qe7 29. Rd3 g6 30. Qe1 g5 31. Qe3 f6 32. Bb2 Ne6 33. Rd5 Nf4 34. Rf5 Nxg2 35.
Kxg2 Qxe4+ 36. Qxe4 Rxe4 37. Bxf6 Rxg4+ 38. Kf3 Rf4+ 39. Rxf4 gxf4 40. Bxh4 c4
41. bxc4 bxc4 42. Rc1 Rc7 43. a4 c3 44. Bf6 c2 45. Rg1+ Kf7 46. Bb2 Rc4 47. Bc1
Rxa4 48. Rg2 Rc4 49. h4 Bh6 50. Rg1 a5 51. h5 Rc5 52. Rh1 a4 53. Ke4 Rc3 54.
Rh2 a3 55. Bxa3 Rxa3 56. Rxc2 Ra4+ 57. Kf3 Kf6 58. Rg2 Ra3+ 59. Ke4 Re3+ 60.
Kd4 Bg5 61. Rh2 Kg7 62. Rg2 Kh6 63. Rh2 f3 64. Rh1 f2 65. Rf1 Re1 0-1

[Event "Ä15Â"]
[Site "Loo"]
[Date "2017.04.24"]
[Round "5.2"]
[White "Âèíîêóð, Þëèÿ."]
[Black "Âûðòîñó, Íàòàëüÿ."]
[Result "0-1"]
[WhiteElo "2233"]
[BlackElo "1871"]
[PlyCount "96"]
[EventDate "2017.04.20"]

1. e4 e6 2. d3 d5 3. Nd2 c5 4. Ngf3 Nc6 5. g3 Nf6 6. Bg2 g6 7. O-O Bg7 8. Re1
O-O 9. c3 a5 10. e5 Ng4 11. d4 cxd4 12. cxd4 f6 13. h3 Nxf2 14. Kxf2 fxe5 15.
Kg1 exd4 16. Kh2 e5 17. a3 e4 18. Nxe4 dxe4 19. Qb3+ Kh8 20. Ng5 Qc7 21. Rxe4
a4 22. Qd5 Ra5 23. Qc4 Be5 24. Kh1 Bxg3 25. Bd2 Raf5 26. Rc1 Qb6 27. Re2 Ne5
28. Qxa4 Nd3 29. Ne4 Nxc1 30. Bxc1 Be5 31. Bh6 Bg7 32. Bxg7+ Kxg7 33. Ng3 R5f6
34. Re7+ R6f7 35. Re4 d3 36. Rd4 Rd8 37. Rb4 Qa6 38. Qd1 b5 39. Ne4 Bb7 40. Rb3
Qa4 41. Nc5 Bxg2+ 42. Kxg2 Qa8+ 43. Kg1 Qd5 44. Rxb5 Qd4+ 45. Kh1 Qd5+ 46. Kg1
Rdf8 47. Qxd3 Qg5+ 48. Kh1 Rf1+ 0-1

[Event "Ä15Â"]
[Site "Loo"]
[Date "2017.04.24"]
[Round "5.3"]
[White "Ñîëîæåíêèíà, Åëèçàâåòà."]
[Black "Ëåâè÷åâà, Åêàòåðèíà."]
[Result "1-0"]
[WhiteElo "2234"]
[BlackElo "1884"]
[PlyCount "100"]
[EventDate "2017.04.20"]

1. d4 Nf6 2. Nf3 g6 3. g3 Bg7 4. Bg2 O-O 5. O-O d6 6. Nc3 Nbd7 7. Re1 e5 8. e4
a6 9. a4 h6 10. h3 Kh7 11. Be3 Ne8 12. Qd2 Nef6 13. Rad1 Qe7 14. Nh2 exd4 15.
Bxd4 Ne5 16. b3 Be6 17. Nd5 Qd8 18. f4 Nc6 19. Bf2 Qc8 20. g4 Bd7 21. c4 Ng8
22. Nf3 f6 23. Qc2 Nge7 24. c5 Nxd5 25. exd5 Nd8 26. cxd6 cxd6 27. Qd3 Qc7 28.
Rc1 Qa5 29. Nh4 f5 30. Re7 Rf7 31. Rxf7 Nxf7 32. gxf5 Nh8 33. fxg6+ Kg8 34. Bd4
Re8 35. Bxg7 Kxg7 36. Qd4+ Kg8 37. Rf1 Qd8 38. f5 Qg5 39. f6 Rf8 40. g7 Rf7 41.
gxh8=Q+ Kxh8 42. Qe4 Kg8 43. Qg6+ Qxg6 44. Nxg6 Kh7 45. Be4 Bxh3 46. Rf3 Bf5
47. Bxf5 Rxf6 48. Kg2 Kg7 49. Be4 Rxf3 50. Kxf3 Kf6 1-0

[Event "Ä15Â"]
[Site "Loo"]
[Date "2017.04.24"]
[Round "5.4"]
[White "Àôàíàñüåâà, Àëåêñàíäðà."]
[Black "Øåñòàêîâà, Åêàòåðèíà."]
[Result "1-0"]
[WhiteElo "1950"]
[BlackElo "1840"]
[PlyCount "51"]
[EventDate "2017.04.20"]

1. e4 c5 2. Nf3 e6 3. d4 cxd4 4. Nxd4 Nf6 5. Nc3 d6 6. g4 h6 7. h3 Be7 8. Be3
Nc6 9. Qd2 O-O 10. O-O-O a6 11. f4 d5 12. e5 Nd7 13. Kb1 Nc5 14. Qf2 Nxd4 15.
Bxd4 b6 16. f5 Bh4 17. Qf3 Bb7 18. Bg2 Nd7 19. Qd3 Qg5 20. Qd2 exf5 21. Bxd5
Bxd5 22. Nxd5 f4 23. Rhf1 Bg3 24. h4 Qxh4 25. e6 Rfe8 26. Nc7 1-0